An essay in personal bibliography : (Record no. 137024)
[ view plain ]
| 000 -LEADER | |
|---|---|
| fixed length control field | 00705nam a22001937a 4500 |
| 010 ## - LIBRARY OF CONGRESS CONTROL NUMBER | |
| LC control number | 511965 |
| 035 ## - SYSTEM CONTROL NUMBER | |
| System control number | 511965 |
| 037 ## - SOURCE OF ACQUISITION | |
| Source of stock number/acquisition | Cen Lib / Ret |
| 040 ## - CATALOGING SOURCE | |
| Original cataloging agency | DPL |
| Language of cataloging | En |
| 082 ## - DEWEY DECIMAL CLASSIFICATION NUMBER | |
| Classification number | 013 |
| Item number | DAS |
| 100 ## - MAIN ENTRY--PERSONAL NAME | |
| Personal name | Das Gupta, A. K. |
| 245 ## - TITLE STATEMENT | |
| Title | An essay in personal bibliography : |
| Remainder of title | a bibliography of the writings on and by Dr S.R. Ranganathan / |
| Statement of responsibility, etc | by A. K. Das Gupta |
| 260 ## - PUBLICATION, DISTRIBUTION, ETC. (IMPRINT) | |
| Place of publication, distribution, etc | Bombay |
| Name of publisher, distributor, etc | Asia Publihsing House |
| Date of publication, distribution, etc | 1967 |
| 270 ## - ADDRESS | |
| Address | Asia Publihsing House |
| City | Bombay |
| 300 ## - PHYSICAL DESCRIPTION | |
| Extent | (v 2. 404p) |
| Dimensions | 27cm(Hb) |
| 650 ## - SUBJECT ADDED ENTRY--TOPICAL TERM | |
| Topical term or geographic name as entry element | Ranganathan, S. R. -- (Shiyali Ramamrita), -- 1892-1972 -- Bibliography. |
| 650 ## - SUBJECT ADDED ENTRY--TOPICAL TERM | |
| Topical term or geographic name as entry element | Ranganathan, S. R. -- (Shiyali Ramamrita), -- 1892-1972 |
| 942 ## - ADDED ENTRY ELEMENTS (KOHA) | |
| Source of classification or shelving scheme | Dewey Decimal Classification |
| Koha item type | English Books |
| Classification part | 013 |
| Call number suffix | DAS |
| Withdrawn status | Lost status | Materials specified (bound volume or other part) | Damaged status | Not for loan | Home library | Current library | Date acquired | Source of acquisition | Total Checkouts | Full call number | Barcode | Date last seen | Copy number | Price effective from | Koha item type |
|---|---|---|---|---|---|---|---|---|---|---|---|---|---|---|---|
| v 2 | Central Library | Central Library | 14/03/2016 | Cen Lib/Ret | 013 DAS | 511965 | 14/03/2016 | 1 | 14/03/2016 | English Books |
